| 000 | 03201cgm a2200637Ia 4500 | ||
|---|---|---|---|
| 001 | ocn757753296 | ||
| 003 | OCoLC | ||
| 005 | 20241220131658.0 | ||
| 008 | 111019s2011 cau112 e vleng d | ||
| 007 | vd cvaizq | ||
| 040 |
_aTEFMT _cTEFMT _dTEF _dMR0 _dBKX _dGK8 _dUINTA |
||
| 024 | 1 | 0 |
_a031398145561 _d80 |
| 028 | 4 | 2 |
_a31517 _bLions Gate Home Entertainment |
| 035 | _a(OCoLC)757753296 | ||
| 041 | 1 |
_aeng _jeng _jspa _heng |
|
| 050 | 4 |
_aPN1997.2 _b.C66 2011 |
|
| 082 | 0 | 4 |
_a791.43/72 _223 |
| 049 | _aUCLB | ||
| 092 | _a791.437 | ||
| 245 | 0 | 0 |
_aConan the barbarian _h[videorecording] / _cLionsgate and Millennium Films present ; in association with Emmett Furla Films productions and a Conan Properties International LLC production ; produced by Fredrik Malmberg ... [et al.] ; written by Thomas Dean Donnelly & Joshua Oppenheimer and Sean Hood ; directed by Marcus Nispel. |
| 257 |
_aUnited States. _2naf |
||
| 260 |
_aSanta Monica, CA : _bLions Gate Films, _cc2011. |
||
| 300 |
_a1 videodisc (112 min.) : _bsd., col. ; _c4 3/4 in. |
||
| 538 | _aDVD ; widescreen (2.40:1) presentation ; Dolby digital 5.1 surround. | ||
| 546 | _aIn English, with optional subtitles in English or Spanish. Closed-captioned. | ||
| 511 | 1 | _aJason Momoa, Rachel Nichols, Ron Perlman, Stephen Lang, Rose McGowan. | |
| 508 | _aDirector of photography, Thomas Kloss ; editor, Ken Blackwell ; music, Tyler Bates. | ||
| 500 | _aBased on the character of Conan as originally created by Robert E. Howard. | ||
| 500 | _aDVD release of the 2011 motion picture. | ||
| 521 | 8 | _aMPAA rating: R; for strong bloody violence, some sexuality and nudity. | |
| 520 | _aA quest that begins as a personal vendetta for the fierce Cimmerian warrior soon turns into an epic battle against hulking rivals, horrific monsters, and impossible odds, as Conan realizes he is the only hope of saving the great nations of Hyboria from an encroaching reign of supernatural evil. | ||
| 500 | _aSpecial features: audio commentaries; the Conan legacy; Robert E. Howard: the man who would be Conan; battle royal: engineering the action; staging the fights. | ||
| 650 | 0 |
_aConan (Fictitious character) _vDrama. _96422999 |
|
| 650 | 7 |
_aConan (Personaje literario) _vTeatro. _2bidex _96514486 |
|
| 655 | 7 |
_aFeature films. _2lcgft _96229519 |
|
| 655 | 7 |
_aFantasy films. _2lcgft _96229520 |
|
| 655 | 7 |
_aAction and adventure films. _2lcgft _96229521 |
|
| 655 | 7 |
_aFiction films. _2lcgft _96229522 |
|
| 655 | 7 |
_aVideo recordings for the hearing impaired. _2lcgft _96229523 |
|
| 700 | 1 |
_aNispel, Marcus, _d1964- _977759 |
|
| 700 | 1 |
_aMomoa, Jason. _973729 |
|
| 700 | 1 |
_aNichols, Rachel. _948096 |
|
| 700 | 1 |
_aPerlman, Ron. _959801 |
|
| 700 | 1 |
_aLang, Stephen, _d1952- _964572 |
|
| 700 | 1 |
_aMcGowan, Rose, _d1973- _964012 |
|
| 700 | 1 |
_aMalmberg, Fredrik. _4pro _96229524 |
|
| 700 | 1 |
_aDonnelly, Thomas Dean. _4aus _955896 |
|
| 700 | 1 |
_aOppenheimer, Joshua Lincoln, _d1974- _4aus _96229525 |
|
| 700 | 1 |
_aHood, Sean, _d1966- _4aus _96229526 |
|
| 700 | 1 |
_aNispel, Marcus, _d1964- _4drt _977759 |
|
| 710 | 2 |
_aLions Gate Films. _95718756 |
|
| 710 | 2 |
_aEmmett Furla Films. _95884683 |
|
| 942 |
_cDVD _0137 |
||
| 994 |
_aC0 _bUINTA |
||
| 998 | _aa148311 | ||
| 999 |
_c81277 _d81277 |
||